000
00339nam a22001457a 4500
008
230317b ||||| |||| 00| 0 eng d
020
_a
9780205063550
041
_a
eng
080
_2
SECOND EDITION
_a
159.9
082
_a
159.9FEL
100
_a
25
101
_a
PSI
245
_a
DISCOVERING THE LIFE SPAN
_c
FELDMAN.S.R
942
_2
udc
_c
BK
999
_c
59381
_d
59381